000 01060cam a22003731 4500
001 4130057
003 OSt
005 20140310184407.0
008 700415s1968 at 000 1 eng
010 _a 76367933
015 _aAus68-2521
020 _a9780743253970
040 _aDLC
_cDLC
_dDLC
_dOCoLC
043 _an-us-nh
050 _aPS 3561.N68
_b.Se4 1959
100 1 _aKnowles, John,
_d1926-
_925819
245 1 2 _aA separate peace /
_cJohn Knowles.
260 _aUSA :
_bJohn Knowes Inc.,
_c1959
300 _a204 p. :
_c18 cm.
350 _a0.95
521 _aG10
526 _c1110
650 0 _aPreparatory school students
_xFiction.
_925820
650 0 _aPreparatory schools
_xFiction.
_925821
650 0 _aFriendship
_xFiction.
_925822
650 0 _aDeath
_xFiction.
_925823
650 0 _aBoys
_xFiction.
_925824
651 0 _aNew Hampshire
_xFiction.
_925825
655 7 _aBildungsromane.
_2gsafd
_92999
906 _a7
_bcbc
_corignew
_du
_encip
_f19
_gy-gencatlg
942 _2lcc
_cBK-SCHOLAS
999 _c34055
_d34055